000 00532nam a2200169 a 4500
001 000029862
005 20200930055850.0
008 110426s1990 dr a 000 0 spa d
040 _aDO-SdBNP
_bspa
_cBNPHU
082 _axxx
110 1 _aPrograma de Difusión del Bambú.
_bCentro de Documentación enda-caribe.
_956611
245 1 0 _aHaga su siembra de bambú/.
260 _aSanto Domingo :
_bEnda-Caribe,
_c1990.
300 _a18 p. :
_bil. ;
_c27 cm.
504 _aIncluye referencias bibliográficas (pá. 19).
049 _aBNPD
999 _c29354
_d29354